000 00389nam a2200169Ia 4500
003 IT-RoPAU
008 120407s9999 xx 000 0 und d
040 _aIT-RoPAU
040 _cIT-RoPAU
100 _aSergio Quinzio
245 _aLaicità e verità religiosa. La religione nella scuola
250 _aRoma
260 _aArmando Armando
300 _c cm
490 _v1
942 _cBK
999 _c929
_d929